000 00911nam1a2200301 i 4500
001 RU\NLR\bibl\478264
005 20240726054903.0
035 _a(NLR Aleph) 000471228
090 _a994982
_c994982
100 _a20040109g20039999u y0rusy50 ca
101 0 _arus
102 _aRU
105 _a||||z |||||
200 1 _aБлокада
_e[Роман]
_fАлександр Чаковский
210 _aМ.
_cВече
_d2003
215 _d21
320 _aДр. произведения авт. на 4-й с. обл.
463 0 _1001472825
463 0 _1001472835
686 _aШ6(2=Р)75-440.4Вел.От.в.
700 1 _aЧаковский
_bА. Б.
_gАлександр Борисович
_4070
801 0 _aRU
_bNLR
_c20040109
_gPSBO
801 1 _aRU
_bNLR
_c20040109
830 _aАвт. по кн.
852 _aNLR
_j2003-5/8015
942 _cBOOK